Music Quiz

Random Music or Lyrics Quiz

The Ultimate 80's Music Quiz Slideshow (I) Stats

 Plays Quiz not verified by Sporcle

Score 0/26 Timer 08:00
0 Plays Today
% Correct
start
95.8%
Bon Jovi - Livin' on a Prayer
86.3%
Bangles - Walk Like an Egyptian
81.1%
Culture Club - Karma Chameleon
71.2%
Dire Straits - Money for Nothing
69%
Bruce Hornsby - The Way It Is
67.8%
George Michael - Careless Whisper
66.5%
Eurythmics - Here Comes the Rain Again
59.6%
Don Henley - The Boys of Summer
55.3%
Bruce Springsteen - My Hometown
54.1%
Living Colour - Cult of Personality
52.1%
REM - It's the End of the World As We Know It
51.1%
Dexy's Midnight Runners - Come On Eileen
47.1%
% Correct
Guns N' Roses - Mr. Brownstone
45%
Bryan Adams - Summer of '69
44.5%
Corey Hart - Sunglasses at Night
41.7%
Cutting Crew - (I Just) Died in Your Arms
41.1%
Blondie - Rapture
39.3%
Beastie Boys - Girls
36%
Eddie and the Cruisers
35.8%
Duran Duran - Hungry Like the Wolf
32.4%
Band Aid - Do They Know It's Christmas
30.4%
Heart - These Dreams
29.8%
Chaka Khan - I Feel for You
22.7%
INXS - Mediate
20.4%
Cyndi Lauper - She Bop
19.8%

You're not logged in!

Compare scores with friends on all Sporcle quizzes.
OR
Log In

You Might Also Like...

Show Comments

Extras

Top Quizzes Today


Score Distribution

Your Account Isn't Verified!

In order to create a playlist on Sporcle, you need to verify the email address you used during registration. Go to your Sporcle Settings to finish the process.

Report this User

Report this user for behavior that violates our Community Guidelines.

Details: